Devine le joueur de football - Statistiques

Statistiques générales
  • Ce quiz a été pris 313 fois
  • Le résultat moyen est 5 sur 15
Statistiques - réponses
Hint Réponse % Correct
Portugal, Défenseur, Porto Pepe
90%
Cameroun, Gardien, Manchester United Onana
76%
Portugal, Milieu, PSG Vitinha
73%
Algerie, Milieu, AS Roma Aouar
43%
Angletterre, Milieu, Manchester United Mainoo
39%
Gabon, Milieu, Wolverhampton Lemina
37%
Argentine, Attaquant, Seville FC Ocampos
37%
Allemagne, Milieu, Bayer Leverkusen Andrich
30%
Italie, Défenseur, Inter Milan Acerbi
29%
Suisse, Attaquant, Milan AC Okafor
29%
Nigeria, Attaquant, OL Orban
25%
Estonie, Gardien, Arsenal Hein
9%
Brésil, Défenseur,Eintracht Francfort Tuta
9%
Croatie, Attaquant, Dynamo Zagreb Petkovic
7%
Nigeria, Attaquant; Trabzonspor Onuachu
2%
Aucun quiz correspondant
Distribution des résultats
% des personnes avec chaque résultat
Percentile par nombre de réponses
Votre historique - résultats
Vous n’avez pas pris ce quiz